000 01358nam0a22003011 4500
001 v19\rc\1281762
005 20260406165419.0
035 _a(NLR Aleph) 004452853
090 _a4481416
_c4481416
100 _a20060306e18371837|||y0rusy50 ca
101 0 _arus
102 _aRU
105 _ay i |||||
200 1 _aСтатистические сведения о Китае, сообщенные Императорской Академии наук членом-корреспондентом ее, монахом Иакинфом
210 _aСанкт-Петербург
_cтип. Имп. Акад. наук
_d1837
215 _a19 с.
_d21
311 _aИз "Журн. М-ва нар. прос." Т. 16, 1837 г., № 10, окт., с. 227-246
488 0 _12001#$aЖурнал Министерства народного просвещения$v1837, т. 16, № 10, окт.
_1215##$aС. 227-246
_tЖурнал Министерства народного просвещения
700 0 _8rus
_7ca
_aИакинф
_cБичурин, Никита Яковлевич
_f1777-1853
_3RU\NLR\AUTH\7711656
_9121398
801 0 _aRU
_bNLR
_gpsbo
801 0 _aRU
_bRuMoRGB
_2psbo
801 1 _aRU
_bProSoft-M
_2rusmarc
852 _aNLR
_j34.83.6.963
899 _aRuMoRGB
_jV 91/78
899 _aНБ СПбГУ
942 _cBOOK
980 _aNB